000 002680000a22000970004500
100 1 _aAndrieu, Jean Paul
245 1 0 _aEl negro venezolano y sus luchas de esperanza
300 _aVol. 13, Num 1 (Junio, 1993), Páginas 14-23
773 0 _tVida y pensamiento
942 _cANA
999 _c53024
_d53024